| 000 | 00371nam a22001577a 4500 | ||
|---|---|---|---|
| 003 | CEME | ||
| 005 | 20210628203201.0 | ||
| 008 | 210420b xxu||||| |||| 00| 0 eng d | ||
| 040 | _c. | ||
| 082 | _a546 MEL'P | ||
| 100 |
_aParkes, G. D _963822 |
||
| 245 | _aMellors modern inorganic chemistry | ||
| 260 |
_aLONDON _bLONGMANS _c1952 |
||
| 300 | _a967P | ||
| 942 |
_cBK _2ddc |
||
| 999 |
_c572532 _d572532 |
||